Регионална библиотека "Любен Каравелов" - Русе

От А до Я за семейното здраве (Запис номер 5946)

MARC детайли
000 -Лидер
Контролно поле с фиксирана дължина 01633nam a2200385 c 4500
003 - Код на организацията, давaща контролен номер
Контролно поле BLK
005 - Дата и час на последна редакция
Контролно поле 20250205130431.0
008 - Елементи от данни с фиксирана дължина
fixed length control field 180412b bul|||||r ||||||| ||bul||
010 ## - Наследен системен номер
LC control number KNG00007158000
020 ## - Международен стандартен номер на книга ISBN
Международен стандартен номер на книга ISBN 954-459-208-3
-- издат.: Хермес
040 ## - Източник на каталожния запис
Идентификатор на билиотеката - собственик на записа BLK
041 ## - Код за език
Код за езика на текст/звукозапис или на отделно заглавие Български
Код за езика КДБФ Български
072 #7 - Код за тематичната категория
Код организация bullib
Код за тематична категория Л
Текст Здраве
080 ## - УДК
Текстов определител УДК Различни въпроси отнасящитесе до болестите, болните и мед. интервенция. Евтаназия (вж и 614. 23/. 26)
УДК код - определител по УДК 616-01
УДК определител (035)
УДК - код + определител 616-01(035)
100 1# - Редна дума - Автор
Автор Джайънгранд, Пол
Авторска отговорност първи автор
R(LIN) 60415
139 ## - Редно поле
Редна дума Джайънгранд, Пол
Авторски знак Дж - Д 49
245 10 - Сведения за заглавието
Заглавие От А до Я за семейното здраве
Редно поле (дума) Пол Джайънгранд; прев. Стефан Тодоров Сивков.
257 ## - Страна на издаване
Страна на създаване/издаване Великобритания
260 ## - Област на издателските данни
-- Пловдив
Име на издателя, разпространителя и проч. Хермес
Година на издаване 1995
300 ## - Физическа характеристика
Страници 319 с.
Илюстрации и др. с ил.
Размери/Мащаб 25 см
380 ## - Жанр
Жанр Медицина
500 ## - Общи забележки
Забележка Авт. не е отбелязан на кор. - Ориг. загл. A - Z of Famili Health / Paul Giangrande. - 3 060 тир.
650 #4 - Допълнително описание по предмет – тема
Основно описание – тема или топоним Болести - справочници
9 (RLIN) 250827
653 ## - Ключова дума – ненормативна
Ключова дума здраве
653 ## - Ключова дума – ненормативна
Ключова дума болести
653 ## - Ключова дума – ненормативна
Ключова дума справочници
659 ## - Тематичен бюлетин
Тематичен бюлетин Л
700 1# - Други автори (авторска отговорност)
Лично име Сивков, Стефан Тодоров
Дати, свързани с автора 1957 -
Друга информация Лекар. Превежда от английски език.
9 (RLIN) 120016
852 ## - Местоположение
Форматна сигнатура Цб 182680
856 4# - Електронен адрес и достъп
Електронен формат pdf - файл
Път до файла /url/
856 4# - Електронен адрес и достъп
Електронен формат pdf - файл
Път до файла /url/
942 ## - АРТИКУЛИ
Вид на библиотечния материал Книги
Скрит в OPAC Не
944 ## - СЪЗДАВАНЕ И РЕДАКЦИЯ на ЗАПИСА
Създаване/Редакция Създаване
Дата на регистрацията/редакция 15.01.2003
Служител, извършил регистрацията/редакцията 30560
Статус, дата на статуса Геновева Генчева
944 ## - СЪЗДАВАНЕ И РЕДАКЦИЯ на ЗАПИСА
Създаване/Редакция Редакция
Дата на регистрацията/редакция 25.06.2012
Служител, извършил регистрацията/редакцията
999 ## - СИСТЕМНИ КОНТРОЛНИ НОМЕРА
Koha biblionumber 5946
Koha biblioitemnumber 5946
Наличности
Код за отписване Код за изгубен артикул Източник на класификационната схема Код за повреда Коз за рестрикции Код за отдаване Артикулен № Име на библиотеката - собственик Име на библиотеката, в която се намира в момента Статус (Текущо местоположение) Дата на вписване в системата Местоположение - отдел Цена в лева Инвентарен номер Систематично азбучна сигнатура Баркод Номер на екземпляра Цена в евро Служебна бележка Служебен тип на артикула
  Не е изгубен Universal Decimal Classification Не е повреден без рестрикции ползва се в читалня 10465 Регионална библиотека "Любен Каравелов" Русе Регионална библиотека "Любен Каравелов" Русе Хранилище 2001-01-01 Хранилище 2.71 612239 Цб 182680 120000612239 1 1.39 Дост: Dp Вид: Д N: стар фонд Дата: 01.01.1995 Дата инв: 04.11.2014 Бележки инв: Цб2014 Книги
  Не е изгубен Universal Decimal Classification Не е повреден без рестрикции ползва се в читалня 10466 Регионална библиотека "Любен Каравелов" Русе Регионална библиотека "Любен Каравелов" Русе Читалня - справочен фонд 2001-01-01 Читалня 2.70 612700 СЧ 61(038)/Д 49 120000612700 2 1.38 Дост: Pk Вид: Ф N: стар фонд Дата: 01.01.1995 Дата инв: 17.03.2017 Бележки инв: СЧ2017 Книги
  Не е изгубен Universal Decimal Classification Не е повреден без рестрикции заемане за дома 10467 Регионална библиотека "Любен Каравелов" Русе Регионална библиотека "Любен Каравелов" Русе Заемна - подръчен фонд 2001-01-01 Заемна - подръчен фонд 9.60 630169 П 61(038)/Д 49 120000630169 3 4.91 Дост: Pk Вид: Ф N: стар фонд Дата: 01.01.1995 Дата инв: 16.02.2018 Бележки инв: СП2018 Книги
Изтеглен Не е изгубен Universal Decimal Classification Не е повреден без рестрикции заемане за дома 10468 Регионална библиотека "Любен Каравелов" Русе Регионална библиотека "Любен Каравелов" Русе Заемна - подръчен фонд 2008-04-29 Заемна - подръчен фонд 5.00 120000726040 П 6161/Д 49 120000726040 4 2.56 Дост: DA Вид: А N: 9 Дата: 29.04.2008 Дата инв: 05.02.2018 Бележки инв: П2018 Книги
Vip Innovations Ltd, Rousse, Bulgaria 2025